[Event "IIFL Wealth 4th Mumbai GM"]
[Site "Mumbai"]
[Date "2019.01.06"]
[Round "8"]
[White "Mahindrakar Indrajeet"]
[Black "Elgabry, Mohsen"]
[Result "1-0"]
[WhiteElo "2106"]
[BlackElo "2305"]
[Annotator "ChessBase"]
[PlyCount "123"]
[EventDate "2018.12.30"]
[EventType "swiss"]
[EventCountry "IND"]
[SourceTitle "playchess.com"]
[Source "ChessBase"]
[SourceQuality "1"]
[TimeControl "40/5400+30:1800+30"]

1. e4 {[%emt 0:07:34]} g6 {[%emt 0:00:26]} 2. d4 {[%emt 0:02:20]} Bg7 {[%emt 0:00:07]} 3. Nf3 {[%emt 0:00:23]} d6 {[%emt 0:00:19]} 4. Bc4 {[%emt 0:00:39]} Nf6 {[%emt 0:00:18]} 5. Qe2 {[%emt 0:01:06]} c6 {[%emt 0:00:47]} 6. Bb3 {[%emt 0:01:06]} O-O {[%emt 0:00:58]} 7. h3 {[%emt 0:00:59]} a5 {[%emt 0:00:20]} 8. a4 {[%emt 0:06:54]} Nbd7 {[%emt 0:01:01]} 9. O-O {[%emt 0:01:53]} e6 {[%emt 0:01:24]} 10. Re1 {[%emt 0:08:10]} d5 {[%emt 0:00:30]} 11. Nbd2 {[%emt 0:03:18]} b6 {[%emt 0:00:53]} 12. e5 {[%emt 0:03:15]} Ne8 {[%emt 0:00:53]} 13. Nf1 {[%emt 0:01:25]} Ba6 {[%emt 0:00:08]} 14. Qd1 {[%emt 0:00:37]} Bxf1 {[%emt 0:00:27]} 15. Rxf1 {[%emt 0:01:10]} f5 {[%emt 0:04:49]} 16. Bg5 {[%emt 0:09:35]} Qb8 {[%emt 0:00:23]} 17. c4 {[%emt 0:01:26]} Qb7 {[%emt 0:03:41]} 18. cxd5 {[%emt 0:03:55]} cxd5 {[%emt 0:00:02]} 19. Qd2 {[%emt 0:02:18]} Nc7 {[%emt 0:01:21]} 20. Rfc1 {[%emt 0:05:37]} Rfc8 {[%emt 0:00:12]} 21. Rc3 {[%emt 0:02:09]} Bf8 {[%emt 0:04:57]} 22. Rc2 {[%emt 0:02:13]} Na6 {[%emt 0:00:14]} 23. Rac1 {[%emt 0:01:44]} Nb4 {[%emt 0:02:17]} 24. Rc3 {[%emt 0:01:24]} Rc6 {[%emt 0:08:31]} 25. h4 {[%emt 0:03:49]} Rac8 {[%emt 0:00:10]} 26. h5 {[%emt 0:01:00]} Na6 {[%emt 0:02:21]} 27. hxg6 {[%emt 0:02:45]} hxg6 {[%emt 0:00:06]} 28. Qe2 {[%emt 0:03:16]} Ndb8 {[%emt 0:02:10]} 29. Nh4 {[%emt 0:02:46]} Rxc3 {[%emt 0:01:51]} 30. bxc3 {[%emt 0:00:43]} Qh7 {[%emt 0:02:42]} 31. Qe3 {[%emt 0:10:48]} Rc6 {[%emt 0:11:08]} 32. g3 {[%emt 0:01:31]} Nc7 {[%emt 0:01:07]} 33. c4 {[%emt 0:01:30]} Nba6 {[%emt 0:00:19]} 34. cxd5 {[%emt 0:01:02]} Rxc1+ {[%emt 0:00:07]} 35. Qxc1 {[%emt 0:00:16]} exd5 {[%emt 0:01:42]} 36. Qc6 {[%emt 0:00:37]} Qf7 {[%emt 0:00:50]} 37. Qxb6 {[%emt 0:03:05]} Nb4 {[%emt 0:01:38]} 38. Qxa5 {[%emt 0:02:26]} Ne6 {[%emt 0:00:26]} 39. Nf3 {[%emt 0:00:45]} f4 {[%emt 0:02:37]} 40. g4 {[%emt 0:00:00]} Nxg5 {[%emt 0:00:00]} 41. Nxg5 {[%emt 0:01:58]} Qd7 {[%emt 0:14:45]} 42. f3 {[%emt 0:12:17]} Be7 {[%emt 0:00:32]} 43. Ne4 {[%emt 0:01:05]} Qc6 {[%emt 0:05:23]} 44. Nc5 {[%emt 0:02:58]} Bxc5 {[%emt 0:00:01]} 45. dxc5 {[%emt 0:01:10]} Na6 {[%emt 0:02:45]} 46. Qd8+ {[%emt 0:01:52]} Kg7 {[%emt 0:00:12]} 47. Qxd5 {[%emt 0:00:29]} Qxc5+ {[%emt 0:00:59]} 48. Qxc5 {[%emt 0:02:00]} Nxc5 {[%emt 0:00:01]} 49. a5 {[%emt 0:01:16]} Nxb3 {[%emt 0:00:07]} 50. a6 {[%emt 0:00:02]} Nd4 {[%emt 0:00:13]} 51. a7 {[%emt 0:00:16]} Nxf3+ {[%emt 0:00:02]} 52. Kf2 {[%emt 0:01:57]} Nxe5 {[%emt 0:00:01]} 53. a8=Q {[%emt 0:00:23]} Kf6 {[%emt 0:04:34]} 54. Qh8+ {[%emt 0:01:00]} Ke6 {[%emt 0:00:02]} 55. g5 {[%emt 0:00:21]} Kf5 {[%emt 0:00:03]} 56. Ke2 {[%emt 0:02:06]} Ke4 {[%emt 0:00:27]} 57. Qh1+ {[%emt 0:01:11]} Kf5 {[%emt 0:00:01]} 58. Qd5 {[%emt 0:00:27]} f3+ {[%emt 0:00:46]} 59. Ke3 {[%emt 0:00:36]} f2 {[%emt 0:00:05]} 60. Kxf2 {[%emt 0:00:28]} Kf4 {[%emt 0:00:01]} 61. Qd4+ {[%emt 0:00:49]} Kf5 {[%emt 0:00:11]} 62. Kg3 {[%emt 0:00:30]} 1-0

[Event "IIFL Wealth 4th Mumbai GM"]
[Site "Mumbai"]
[Date "2019.01.06"]
[Round "8"]
[White "Kavinda, Akila"]
[Black "Balasubramaniam H"]
[Result "1-0"]
[WhiteElo "2092"]
[BlackElo "2270"]
[Annotator "NA"]
[PlyCount "69"]
[EventDate "2018.12.30"]
[EventType "swiss"]
[EventCountry "IND"]
[SourceTitle "playchess.com"]
[Source "ChessBase"]
[SourceQuality "1"]
[TimeControl "40/5400+30:1800+30"]

1. Nf3 {[%emt 0:00:00]} Nf6 {[%emt 0:05:30]} 2. c4 {[%emt 0:00:21]} g6 {[%emt 0:00:48]} 3. b3 {[%emt 0:00:30]} Bg7 {[%emt 0:00:07]} 4. Bb2 {[%emt 0:00:05]} O-O {[%emt 0:00:16]} 5. g3 {[%emt 0:00:36]} d6 {[%emt 0:00:33]} 6. d4 {[%emt 0:00:08]} e5 {[%emt 0:01:26]} 7. dxe5 {[%emt 0:00:38]} Nfd7 {[%emt 0:00:15]} 8. Bg2 {[%emt 0:05:06]} dxe5 {[%emt 0:01:38]} 9. Nc3 {[%emt 0:04:31]} Nc6 {[%emt 0:05:58]} 10. Qc1 {[%emt 0:08:26]} Nd4 {[%emt 0:01:43]} 11. O-O {[%emt 0:04:59]} Nxf3+ {[%emt 0:09:23]} 12. Bxf3 {[%emt 0:00:22]} Re8 {[%emt 0:14:56]} 13. Rd1 {[%emt 0:02:22]} f5 {[%emt 0:01:21]} 14. e4 {[%emt 0:30:42]} c6 {[%emt 0:00:32]} 15. Ba3 {[%emt 0:02:16]} Qf6 {[%emt 0:06:13]} 16. Rd6 {[%emt 0:12:20]} Qf7 {[%emt 0:03:08]} 17. exf5 {[%emt 0:07:03]} gxf5 {[%emt 0:00:46]} 18. Qg5 {[%emt 0:03:22]} Nf6 {[%emt 0:01:46]} 19. Rad1 {[%emt 0:01:19]} h6 {[%emt 0:04:28]} 20. Qh4 {[%emt 0:00:38]} Be6 {[%emt 0:00:19]} 21. Bc1 {[%emt 0:00:35]} Qg6 {[%emt 0:01:06]} 22. Na4 {[%emt 0:02:04]} Bf8 {[%emt 0:01:39]} 23. Nc5 {[%emt 0:01:09]} Bxd6 {[%emt 0:01:44]} 24. Rxd6 {[%emt 0:00:04]} Kf7 {[%emt 0:02:20]} 25. Nxb7 {[%emt 0:03:59]} e4 {[%emt 0:08:26]} 26. Be2 {[%emt 0:00:14]} Rab8 {[%emt 0:01:22]} 27. Na5 {[%emt 0:00:57]} e3 {[%emt 0:15:16]} 28. Bxe3 {[%emt 0:01:15]} f4 {[%emt 0:01:32]} 29. Qxf4 {[%emt 0:00:33]} Rbd8 {[%emt 0:01:58]} 30. Rxd8 {[%emt 0:04:05]} Rxd8 {[%emt 0:00:01]} 31. Nxc6 {[%emt 0:00:15]} Qb1+ {[%emt 0:00:40]} 32. Kg2 {[%emt 0:00:04]} Rf8 {[%emt 0:00:38]} 33. Bh5+ {[%emt 0:01:17]} Kg8 {[%emt 0:00:45]} 34. Ne7+ {[%emt 0:00:05]} Kh8 {[%emt 0:00:04]} 35. Qxh6+ {[%emt 0:00:24]} 1-0

[Event "IIFL Wealth 4th Mumbai GM"]
[Site "Mumbai"]
[Date "2019.01.06"]
[Round "8"]
[White "Nayem, Haque"]
[Black "Arya Nirag Shah"]
[Result "1/2-1/2"]
[WhiteElo "2083"]
[BlackElo "1812"]
[Annotator "NA"]
[PlyCount "56"]
[EventDate "2018.12.30"]
[EventType "swiss"]
[EventCountry "IND"]
[SourceTitle "playchess.com"]
[Source "ChessBase"]
[SourceQuality "1"]
[TimeControl "40/5400+30:1800+30"]

1. e4 {[%emt 0:00:00]} c5 {[%emt 0:00:00]} 2. Nf3 {[%emt 0:00:00]} d6 {[%emt 0:00:00]} 3. Nc3 {[%emt 0:00:00]} Nf6 {[%emt 0:00:00]} 4. Be2 {[%emt 0:00:28]} g6 {[%emt 0:00:11]} 5. O-O {[%emt 0:00:08]} Bg7 {[%emt 0:00:04]} 6. d3 {[%emt 0:00:09]} O-O {[%emt 0:00:20]} 7. h3 {[%emt 0:00:27]} Nc6 {[%emt 0:00:07]} 8. Bf4 {[%emt 0:00:10]} a6 {[%emt 0:00:39]} 9. a4 {[%emt 0:00:27]} Nd4 {[%emt 0:02:15]} 10. Nxd4 {[%emt 0:00:43]} cxd4 {[%emt 0:00:13]} 11. Nb1 {[%emt 0:00:02]} Qb6 {[%emt 0:04:37]} 12. Bc1 {[%emt 0:22:39]} Be6 {[%emt 0:08:48]} 13. Na3 {[%emt 0:01:13]} Qc6 {[%emt 0:07:45]} 14. a5 {[%emt 0:05:12]} Nd7 {[%emt 0:08:00]} 15. b3 {[%emt 0:01:01]} Rfc8 {[%emt 0:03:26]} 16. Nc4 {[%emt 0:01:56]} Bxc4 {[%emt 0:03:48]} 17. bxc4 {[%emt 0:00:11]} e6 {[%emt 0:03:40]} 18. Rb1 {[%emt 0:04:11]} Rab8 {[%emt 0:00:48]} 19. Bd2 {[%emt 0:01:17]} Nc5 {[%emt 0:04:59]} 20. Bf3 {[%emt 0:08:24]} Qc7 {[%emt 0:02:08]} 21. g3 {[%emt 0:06:04]} Na4 {[%emt 0:02:21]} 22. Rb3 {[%emt 0:05:19]} Nc5 {[%emt 0:01:20]} 23. Rb1 {[%emt 0:00:11]} Na4 {[%emt 0:00:03]} 24. Rb3 {[%emt 0:00:21]} Nc5 {[%emt 0:00:05]} 25. Rb1 {[%emt 0:00:11]} Na4 {[%emt 0:00:02]} 26. Rb3 {[%emt 0:00:16]} Nc5 {[%emt 0:00:03]} 27. Rb1 Na4 28. Rb3 Nc5 {[%emt 0:00:51]} 1/2-1/2

[Event "IIFL Wealth 4th Mumbai GM"]
[Site "Mumbai"]
[Date "2019.01.06"]
[Round "8"]
[White "Md.abzid, Rahman"]
[Black "Mehdi Hasan Parag"]
[Result "0-1"]
[WhiteElo "2040"]
[BlackElo "2218"]
[Annotator "NA"]
[PlyCount "80"]
[EventDate "2018.12.30"]
[EventType "swiss"]
[EventCountry "IND"]
[SourceTitle "playchess.com"]
[Source "ChessBase"]
[SourceQuality "1"]
[TimeControl "40/5400+30:1800+30"]

1. d4 {[%emt 0:00:49]} Nf6 {[%emt 0:00:00]} 2. c4 {[%emt 0:00:10]} e6 {[%emt 0:00:00]} 3. Nf3 {[%emt 0:00:25]} d5 {[%emt 0:00:04]} 4. Nc3 {[%emt 0:00:11]} Bb4 {[%emt 0:00:26]} 5. Qc2 {[%emt 0:01:09]} O-O {[%emt 0:00:10]} 6. e3 {[%emt 0:01:05]} c5 {[%emt 0:01:23]} 7. dxc5 {[%emt 0:00:11]} Bxc5 {[%emt 0:01:00]} 8. a3 {[%emt 0:00:37]} Nc6 {[%emt 0:01:34]} 9. b4 {[%emt 0:00:17]} Bd6 {[%emt 0:00:53]} 10. Bb2 {[%emt 0:01:11]} Qe7 {[%emt 0:01:12]} 11. Bd3 {[%emt 0:01:16]} dxc4 {[%emt 0:00:19]} 12. Bxc4 {[%emt 0:00:05]} Bd7 {[%emt 0:05:42]} 13. Nb5 {[%emt 0:02:01]} Bb8 {[%emt 0:06:11]} 14. Ng5 {[%emt 0:03:25]} Be5 {[%emt 0:01:59]} 15. Nd4 {[%emt 0:00:28]} Nxd4 {[%emt 0:02:07]} 16. exd4 {[%emt 0:00:02]} Bf4 {[%emt 0:00:27]} 17. Ne4 {[%emt 0:05:36]} Rac8 {[%emt 0:02:31]} 18. Nxf6+ {[%emt 0:03:14]} Qxf6 {[%emt 0:00:26]} 19. Qe2 {[%emt 0:00:20]} Qh6 {[%emt 0:01:35]} 20. g3 {[%emt 0:01:27]} Bc6 {[%emt 0:00:57]} 21. O-O {[%emt 0:00:50]} a6 {[%emt 0:02:20]} 22. Bd3 {[%emt 0:02:32]} Bb8 {[%emt 0:01:45]} 23. h4 {[%emt 0:03:37]} Bd5 {[%emt 0:02:10]} 24. a4 {[%emt 0:00:23]} f5 {[%emt 0:00:28]} 25. f4 {[%emt 0:00:18]} Qf6 {[%emt 0:02:00]} 26. Kh2 {[%emt 0:01:40]} g6 {[%emt 0:02:22]} 27. b5 {[%emt 0:00:26]} a5 {[%emt 0:00:23]} 28. Ba3 {[%emt 0:01:23]} Rfd8 {[%emt 0:01:01]} 29. Bc5 {[%emt 0:00:02]} Bxf4 {[%emt 0:05:49]} 30. Kh3 {[%emt 0:17:00]} Bc7 {[%emt 0:05:01]} 31. Rac1 {[%emt 0:04:32]} b6 {[%emt 0:00:36]} 32. Ba3 {[%emt 0:00:35]} g5 {[%emt 0:04:27]} 33. Qh5 {[%emt 0:03:05]} g4+ {[%emt 0:01:14]} 34. Kh2 {[%emt 0:00:05]} Qg6 {[%emt 0:00:54]} 35. Rxf5 {[%emt 0:02:32]} exf5 {[%emt 0:00:46]} 36. Qxf5 {[%emt 0:00:02]} Qxf5 {[%emt 0:01:01]} 37. Bxf5 Bd6 38. Bxc8 {[%emt 0:04:50]} Bxa3 {[%emt 0:00:58]} 39. Rc7 {[%emt 0:00:10]} Bd6 {[%emt 0:00:38]} 40. Rc3 {[%emt 0:00:11]} h5 {[%emt 0:00:34]} 0-1

[Event "IIFL Wealth 4th Mumbai GM"]
[Site "Mumbai"]
[Date "2019.01.06"]
[Round "8"]
[White "Chowdhury, Sohel"]
[Black "Banerjee, Sushant"]
[Result "1/2-1/2"]
[WhiteElo "2012"]
[BlackElo "2198"]
[Annotator "NA"]
[PlyCount "149"]
[EventDate "2018.12.30"]
[EventType "swiss"]
[EventCountry "IND"]
[SourceTitle "playchess.com"]
[Source "ChessBase"]
[SourceQuality "1"]
[TimeControl "40/5400+30:1800+30"]

1. e4 {[%emt 0:00:00]} d5 {[%emt 0:00:00]} 2. exd5 {[%emt 0:00:05]} Nf6 {[%emt 0:00:00]} 3. Bb5+ {[%emt 0:02:21]} Nbd7 {[%emt 0:00:10]} 4. Nc3 {[%emt 0:02:12]} a6 {[%emt 0:00:49]} 5. Be2 {[%emt 0:00:54]} Nb6 {[%emt 0:02:36]} 6. Nf3 {[%emt 0:01:38] B01: Scandinavian Defence} (6. d4 g6 7. Nf3 Bg7 8. O-O O-O 9. Bf4 Nfxd5 10. Nxd5 Nxd5 11. Be5 Bh6 12. Re1 Bf5 13. Bd3 Qd7 {0-1 (49) Liu,G (2459)-Zeng,C (2542) Xinghua 2018}) 6... Nfxd5 {[%emt 0:01:59]} 7. Nxd5 {[%emt 0:00:40]} Qxd5 {[%emt 0:00:09]} 8. d4 {[%emt 0:01:14]} Bg4 {[%emt 0:02:07]} 9. h3 $146 {[%emt 0:00:16]} ({Predecessor:} 9. c3 e6 10. Qb3 Qxb3 11. axb3 Be7 12. h3 Bf5 13. Bf4 Nd5 {0-1 (62) Janousek,P (2176)-Vojta,T (2369) Tatranske Zruby 2010}) 9... Bh5 {[%emt 0:00:40]} 10. O-O {[%emt 0:00:36]} e6 {[%emt 0:05:42]} 11. b3 {[%emt 0:04:04]} Rd8 {[%emt 0:02:59]} 12. c4 {[%emt 0:03:12]} Qe4 {[%emt 0:05:12]} 13. Bb2 {[%emt 0:02:43]} Be7 {[%emt 0:04:08]} 14. Re1 {[%emt 0:01:23]} O-O {[%emt 0:03:03]} 15. Ng5 {[%emt 0:12:02]} Bxe2 {[%emt 0:04:45]} 16. Nxe4 {[%emt 0:00:10]} Bxd1 {[%emt 0:00:07]} 17. Raxd1 {[%emt 0:00:18]} Rfe8 {[%emt 0:01:05]} 18. Re3 {[%emt 0:03:16]} f5 {[%emt 0:05:26]} 19. Nc3 {[%emt 0:01:28]} Bf6 {[%emt 0:00:37]} 20. Red3 {[%emt 0:00:49]} Nd7 {[%emt 0:01:30]} 21. Ba3 {[%emt 0:05:55]} Rb8 {[%emt 0:13:53]} 22. Bc1 {[%emt 0:07:07]} b5 {[%emt 0:08:04]} 23. cxb5 {[%emt 0:02:05]} axb5 {[%emt 0:00:33]} 24. Bf4 {[%emt 0:00:04]} Rb7 {[%emt 0:02:46]} 25. a4 {[%emt 0:07:36]} bxa4 {[%emt 0:00:34]} 26. Nxa4 {[%emt 0:00:07]} g5 {[%emt 0:06:19]} 27. Be3 {[%emt 0:02:00]} Reb8 {[%emt 0:02:02]} 28. Rb1 {[%emt 0:00:53]} f4 {[%emt 0:02:37]} 29. Bd2 {[%emt 0:01:40]} Rb5 {[%emt 0:04:08]} 30. g3 {[%emt 0:10:03]} fxg3 {[%emt 0:12:44]} 31. Rxg3 {[%emt 0:01:42]} Kf7 {[%emt 0:01:47]} 32. Rf3 {[%emt 0:02:37]} Kg6 {[%emt 0:00:37]} 33. Rc1 {[%emt 0:07:14]} R8b7 {[%emt 0:01:32]} 34. Rc6 {[%emt 0:00:57]} Rf5 {[%emt 0:02:23]} 35. Rxf5 {[%emt 0:02:37]} Kxf5 {[%emt 0:00:33]} 36. Be3 {[%emt 0:00:27]} h5 {[%emt 0:02:03]} 37. Kg2 {[%emt 0:00:11]} h4 {[%emt 0:01:29]} 38. Nc5 {[%emt 0:05:36]} Nxc5 {[%emt 0:00:07]} 39. Rxc5+ {[%emt 0:00:02]} Kg6 {[%emt 0:00:40]} 40. Rc6 {[%emt 0:00:00]} Kf7 {[%emt 0:00:00]} 41. Kf3 {[%emt 0:01:23]} Ke7 {[%emt 0:05:05]} 42. Kg4 {[%emt 0:03:57]} Kd7 {[%emt 0:00:32]} 43. d5 {[%emt 0:01:13]} Rb4+ {[%emt 0:03:06]} 44. Kf3 {[%emt 0:00:53]} Rxb3 {[%emt 0:02:02]} 45. Rxe6 {[%emt 0:00:03]} Be7 {[%emt 0:01:55]} 46. Rg6 {[%emt 0:02:28]} Ke8 {[%emt 0:01:15]} 47. Ke4 {[%emt 0:03:32]} Kf7 {[%emt 0:00:34]} 48. Rc6 {[%emt 0:00:14]} Bd6 {[%emt 0:06:10]} 49. Kf5 {[%emt 0:03:21]} Rb5 {[%emt 0:01:29]} 50. Kxg5 {[%emt 0:00:23]} Rxd5+ {[%emt 0:00:27]} 51. Kxh4 {[%emt 0:00:06]} Ke6 {[%emt 0:01:19]} 52. Kg4 {[%emt 0:00:24]} Ra5 {[%emt 0:01:12]} 53. Bg5 {[%emt 0:04:32]} Ra2 {[%emt 0:02:34]} 54. f4 {[%emt 0:01:37]} Rg2+ {[%emt 0:00:27]} 55. Kf3 {[%emt 0:00:39]} Rh2 {[%emt 0:03:05]} 56. Kg3 {[%emt 0:02:04]} Rh1 {[%emt 0:00:08]} 57. h4 {[%emt 0:01:10]} Kf5 {[%emt 0:01:12]} 58. Rc4 {[%emt 0:01:25]} Rg1+ {[%emt 0:01:41]} 59. Kf3 {[%emt 0:01:14]} Rf1+ {[%emt 0:00:13]} 60. Kg2 {[%emt 0:01:29]} Rb1 {[%emt 0:01:26]} 61. h5 {[%emt 0:00:04]} Kg4 {[%emt 0:00:14]} 62. h6 {[%emt 0:00:44]} Rb2+ {[%emt 0:00:02]} 63. Kf1 $11 {[%emt 0:00:51]} Rh2 {[%emt 0:00:24]} 64. Kg1 {[%emt 0:01:33]} Rh3 {[%emt 0:02:19]} 65. Kg2 {[%emt 0:00:11]} Rg3+ {[%emt 0:00:06]} 66. Kf2 {[%emt 0:01:15]} Rh3 {[%emt 0:00:15]} 67. Ke2 {[%emt 0:01:31]} Kf5 {[%emt 0:00:29]} 68. Kf2 {[%emt 0:02:26]} Kg4 {[%emt 0:00:06]} 69. Kg2 {[%emt 0:01:59]} Rg3+ {[%emt 0:00:05]} 70. Kf1 {[%emt 0:00:13]} Rh3 {[%emt 0:00:10]} 71. Rd4 {[%emt 0:00:46]} Bf8 {[%emt 0:02:03]} 72. Kg2 {[%emt 0:02:40]} Rh5 {[%emt 0:00:30]} 73. Rd7 {[%emt 0:01:27]} Bxh6 {[%emt 0:00:17]} 74. Rxc7 {[%emt 0:00:47]} Bxg5 {[%emt 0:00:10]} 75. fxg5 {[%emt 0:00:13]} 1/2-1/2

[Event "IIFL Wealth 4th Mumbai GM"]
[Site "Mumbai"]
[Date "2019.01.06"]
[Round "8"]
[White "Lama, Milan"]
[Black "Tarun Kanyamarala"]
[Result "1-0"]
[WhiteElo "1897"]
[BlackElo "2120"]
[Annotator "NA"]
[PlyCount "113"]
[EventDate "2018.12.30"]
[EventType "swiss"]
[EventCountry "IND"]
[SourceTitle "playchess.com"]
[Source "ChessBase"]
[SourceQuality "1"]
[TimeControl "40/5400+30:1800+30"]

1. e4 {[%emt 0:00:00]} c5 {[%emt 0:00:00]} 2. c3 {[%emt 0:00:00]} d5 {[%emt 0:00:00]} 3. exd5 {[%emt 0:00:14]} Qxd5 {[%emt 0:00:07]} 4. d4 {[%emt 0:00:09]} Nc6 {[%emt 0:00:24]} 5. Nf3 {[%emt 0:00:10]} Bf5 {[%emt 0:00:15]} 6. Be3 {[%emt 0:02:55]} Nf6 {[%emt 0:00:31]} 7. c4 {[%emt 0:02:24]} Qd8 {[%emt 0:04:49]} 8. d5 {[%emt 0:01:24]} Nb4 {[%emt 0:00:27]} 9. Na3 {[%emt 0:02:53]} e6 {[%emt 0:02:00]} 10. Nh4 {[%emt 0:04:12]} Be4 {[%emt 0:05:10]} 11. f3 {[%emt 0:05:03]} Nd7 {[%emt 0:21:06]} 12. g3 {[%emt 0:03:04]} Bf5 {[%emt 0:03:37]} 13. Nxf5 {[%emt 0:00:52]} exf5 {[%emt 0:00:05]} 14. Qe2 {[%emt 0:02:42]} Qe7 {[%emt 0:01:02]} 15. Kf2 {[%emt 0:02:41]} a6 {[%emt 0:05:07]} 16. Nc2 {[%emt 0:07:58]} Nxc2 {[%emt 0:03:05]} 17. Qxc2 {[%emt 0:00:05]} Qf6 {[%emt 0:00:25]} 18. Bh3 {[%emt 0:06:38]} g6 {[%emt 0:01:41]} 19. Bd2 {[%emt 0:02:00]} Bd6 {[%emt 0:08:51]} 20. Rhe1+ {[%emt 0:01:21]} Kd8 {[%emt 0:00:54]} 21. Bc3 {[%emt 0:01:08]} Be5 {[%emt 0:02:54]} 22. Rxe5 {[%emt 0:00:40]} Nxe5 {[%emt 0:00:08]} 23. f4 {[%emt 0:00:46]} Re8 {[%emt 0:00:24]} 24. Bxe5 {[%emt 0:00:57]} Qb6 {[%emt 0:00:25]} 25. Qc3 {[%emt 0:00:29]} Kd7 {[%emt 0:00:50]} 26. Bg2 {[%emt 0:00:57]} Rf8 {[%emt 0:01:17]} 27. Bf6 {[%emt 0:00:42]} Qd6 {[%emt 0:00:31]} 28. Qe5 {[%emt 0:01:58]} b5 {[%emt 0:00:36]} 29. Qxd6+ {[%emt 0:03:59]} Kxd6 30. Re1 {[%emt 0:00:30]} Rae8 {[%emt 0:03:31]} 31. Bf1 {[%emt 0:01:37]} Rxe1 {[%emt 0:07:11]} 32. Kxe1 {[%emt 0:00:05]} b4 {[%emt 0:00:09]} 33. Bd3 {[%emt 0:00:14]} h6 {[%emt 0:01:16]} 34. Bc2 {[%emt 0:00:13]} Rg8 {[%emt 0:01:25]} 35. Be5+ {[%emt 0:00:34]} Ke7 {[%emt 0:00:38]} 36. Bc7 {[%emt 0:00:37]} Kd7 {[%emt 0:01:00]} 37. d6 {[%emt 0:00:07]} Re8+ {[%emt 0:00:30]} 38. Kf2 {[%emt 0:00:20]} Re6 {[%emt 0:00:42]} 39. h3 {[%emt 0:01:38]} Kc6 {[%emt 0:01:38]} 40. Ba4+ {[%emt 0:00:00]} Kb7 {[%emt 0:00:00]} 41. Kf3 {[%emt 0:03:46]} h5 {[%emt 0:01:23]} 42. g4 {[%emt 0:00:37]} fxg4+ {[%emt 0:06:22]} 43. hxg4 {[%emt 0:00:21]} h4 {[%emt 0:00:03]} 44. f5 {[%emt 0:01:28]} gxf5 {[%emt 0:03:23]} 45. gxf5 {[%emt 0:03:02]} Rf6 {[%emt 0:00:48]} 46. Kg4 {[%emt 0:00:42]} Rh6 {[%emt 0:00:04]} 47. Kh3 {[%emt 0:00:08]} a5 {[%emt 0:02:40]} 48. Be8 {[%emt 0:01:35]} Rf6 {[%emt 0:01:56]} 49. Kxh4 {[%emt 0:00:06]} Rxf5 {[%emt 0:00:14]} 50. Bxa5 {[%emt 0:00:14]} Rf4+ {[%emt 0:01:34]} 51. Kg3 {[%emt 0:00:13]} Rxc4 {[%emt 0:00:20]} 52. d7 {[%emt 0:00:08]} Rd4 {[%emt 0:00:04]} 53. d8=Q {[%emt 0:00:07]} Rxd8 {[%emt 0:00:03]} 54. Bxd8 {[%emt 0:00:07]} c4 {[%emt 0:00:02]} 55. Ba5 {[%emt 0:00:34]} c3 {[%emt 0:00:10]} 56. bxc3 {[%emt 0:00:09]} bxc3 {[%emt 0:00:04]} 57. Bxc3 {[%emt 0:00:08]} 1-0

[Event "IIFL Wealth 4th Mumbai GM"]
[Site "Mumbai"]
[Date "2019.01.07"]
[Round "9"]
[White "Aleksandrov, Aleksej"]
[Black "Mohammad Fahad, Rahman"]
[Result "1-0"]
[WhiteElo "2590"]
[BlackElo "2381"]
[Annotator "TA"]
[PlyCount "53"]
[EventDate "2018.12.30"]
[EventType "swiss"]
[EventCountry "IND"]
[SourceTitle "playchess.com"]
[Source "ChessBase"]
[SourceQuality "1"]

1. c4 e6 2. Nc3 d5 3. d4 Nf6 4. cxd5 exd5 5. Bg5 c6 6. e3 Bf5 7. Qf3 Bg6 8. Bxf6 Qxf6 9. Qxf6 gxf6 10. Nf3 Nd7 11. Nh4 Be7 12. Ne2 Nb6 13. Ng3 Bb4+ 14. Kd1 Nc4 15. Bxc4 dxc4 16. a3 Ba5 17. Ke2 Bd3+ 18. Kf3 O-O-O 19. Ne4 Rd5 20. Nc5 Bg6 21. Rac1 Bd2 22. Rxc4 Rg8 23. Nxg6 Rxg6 24. b4 b5 25. Rc2 Rf5+ 26. Ke2 Rxg2 27. Ne4 1-0

[Event "IIFL Wealth 4th Mumbai GM"]
[Site "Mumbai"]
[Date "2019.01.07"]
[Round "9"]
[White "Chanda, Sandipan"]
[Black "Shyaamnikhil P"]
[Result "0-1"]
[WhiteElo "2555"]
[BlackElo "2448"]
[Annotator "TA"]
[PlyCount "80"]
[EventDate "2018.12.30"]
[EventType "swiss"]
[EventCountry "IND"]
[SourceTitle "playchess.com"]
[Source "ChessBase"]
[SourceQuality "1"]

1. d4 Nf6 2. c4 e6 3. Nc3 Bb4 4. e3 O-O 5. Bd2 d5 6. Nf3 Re8 7. Qc2 a6 8. a3 Bf8 9. e4 dxe4 10. Nxe4 Nxe4 11. Qxe4 c5 12. dxc5 f5 13. Qc2 e5 14. O-O-O e4 15. Bc3 Qc7 16. Nd4 Bxc5 17. b4 Bf8 18. c5 Nc6 19. Bc4+ Kh8 20. Ba2 Ne5 21. Qb3 Be7 22. f4 exf3 23. Nxf3 Nxf3 24. Bxg7+ Kxg7 25. Qf7+ Kh6 26. Rd6+ Bxd6 27. Qf6+ Kh5 28. Bf7+ Kg4 29. gxf3+ Kh3 30. Bc4 Kg2 31. Rd1 Bxh2 32. Bf1+ Kf2 33. Qh4+ Bg3 34. Qd4+ Re3 35. Rd2+ Kxf1 36. Qxe3 Qe5 37. Qd3+ Kg1 38. Kc2 f4 39. Rd1+ Be1 40. Qd2 Bf5+ 0-1

[Event "IIFL Wealth 4th Mumbai GM"]
[Site "Mumbai"]
[Date "2019.01.07"]
[Round "9"]
[White "Deepan Chakkravarthy J."]
[Black "Lugovskoy, Maxim"]
[Result "1-0"]
[WhiteElo "2550"]
[BlackElo "2445"]
[Annotator "TA"]
[PlyCount "65"]
[EventDate "2018.12.30"]
[EventType "swiss"]
[EventCountry "IND"]
[SourceTitle "playchess.com"]
[Source "ChessBase"]
[SourceQuality "1"]

1. Nf3 d5 2. g3 g6 3. Bg2 Bg7 4. d4 Nf6 5. O-O O-O 6. c4 dxc4 7. Na3 c3 8. bxc3 c5 9. Nc4 Be6 10. Nce5 Bd5 11. a4 cxd4 12. cxd4 Nc6 13. Ba3 Re8 14. e3 Rc8 15. Rc1 e6 16. Qe2 Nxe5 17. Nxe5 Bxg2 18. Kxg2 Qd5+ 19. Qf3 Bf8 20. Bxf8 Kxf8 21. a5 Red8 22. g4 Ke8 23. h4 h5 24. Qxd5 exd5 25. gxh5 Nxh5 26. Rb1 Rc7 27. Rb5 Nf6 28. Rfb1 Rb8 29. Nd3 Ne4 30. Rxd5 Nc3 31. Re5+ Kf8 32. Rb3 b6 33. Nc5 1-0

[Event "IIFL Wealth 4th Mumbai GM"]
[Site "Mumbai"]
[Date "2019.01.07"]
[Round "9"]
[White "Puranik, Abhimanyu"]
[Black "Rozum, Ivan"]
[Result "1/2-1/2"]
[WhiteElo "2544"]
[BlackElo "2589"]
[Annotator "TA"]
[PlyCount "63"]
[EventDate "2018.12.30"]
[EventType "swiss"]
[EventCountry "IND"]
[SourceTitle "playchess.com"]
[Source "ChessBase"]
[SourceQuality "1"]

1. e4 c6 2. d4 d5 3. Nd2 dxe4 4. Nxe4 Bf5 5. Ng3 Bg6 6. h4 h6 7. Nf3 Nd7 8. h5 Bh7 9. Bd3 Bxd3 10. Qxd3 e6 11. Bd2 Ngf6 12. O-O-O Be7 13. Ne4 Nxe4 14. Qxe4 Nf6 15. Qe2 Qd5 16. Kb1 Qe4 17. Be3 Ng4 18. Nd2 Qf5 19. Nf1 Nxe3 20. Nxe3 Qa5 21. f4 O-O-O 22. Qg4 Bf6 23. f5 Rhe8 24. fxe6 fxe6 25. c3 Qg5 26. Rhe1 Qxg4 27. Nxg4 Rd5 28. Rf1 Bd8 29. Ne5 Bf6 30. Ng4 Bd8 31. Ne5 Bf6 32. Ng4 1/2-1/2